Statistiques concernant Trouve les paroles - Je t'emmène au vent - Louise Attaque

Cliquez ici pour prendre le quiz!

Statistiques générales

  • Ce quiz a été pris 864 fois
  • Le résultat moyen est 234 sur 252

Statistiques - réponses

Réponse% Correct
Je
100%
je
100%
au
99%
de
99%
te
99%
vent
99%
des
98%
t'emmène
98%
Et
97%
Que
97%
que
97%
tu
97%
viens
97%
Allez
96%
amour
96%
artificiel
96%
est
96%
éternel
96%
Notre
96%
pas
96%
voudrais
96%
rappelles
95%
gens
94%
au-dessus
91%
en
91%
temps
91%
sois
90%
89%
ramènes
81%
devant
79%
celle
70%
j'entends
66%
parfois
61%
souvent
59%
prennes
58%
plus
57%
les
49%
devants
40%
m'appelles
40%
éternelle
19%
Artificielle
15%
amourette
13%

Distribution des résultats

Percentile par nombre de réponses

% des personnes avec chaque résultat

Votre développement - résultats

Vous n’avez pas pris ce quiz